Real Madrid XI in every Champions League Final - Statistics

General Stats
  • This quiz has been taken 194 times
  • The average score is 73 of 96
Answer Stats
Hint Answer % Correct
FW Cristiano Ronaldo
98%
FW Cristiano Ronaldo
98%
FW Cristiano Ronaldo
98%
FW Cristiano Ronaldo
98%
MF Luka Modric
98%
MF Luka Modric
98%
MF Luka Modric
98%
MF Luka Modric
98%
MF Luka Modric
98%
MF Zinedine Zidane
98%
Manager Zinedine Zidane
98%
Manager Zinedine Zidane
98%
Manager Zinedine Zidane
98%
GK Iker Casillas
97%
GK Iker Casillas
97%
FW Karim Benzema
96%
FW Karim Benzema
96%
FW Karim Benzema
96%
FW Karim Benzema
96%
FW Karim Benzema
96%
DF Marcelo
96%
DF Marcelo
96%
DF Marcelo
96%
DF Sergio Ramos
96%
DF Sergio Ramos
96%
DF Sergio Ramos
96%
DF Sergio Ramos
96%
MF Toni Kroos
96%
MF Toni Kroos
96%
MF Toni Kroos
96%
MF Toni Kroos
96%
FW Gareth Bale
94%
FW Gareth Bale
94%
GK Keylor Navas
94%
GK Keylor Navas
94%
GK Keylor Navas
94%
GK Thibaut Courtois
94%
MF Casemiro
93%
MF Casemiro
93%
MF Casemiro
93%
MF Casemiro
93%
DF Dani Carvajal
93%
DF Dani Carvajal
93%
DF Dani Carvajal
93%
DF Dani Carvajal
93%
DF Dani Carvajal
93%
FW Vinicius Jr
93%
Manager Carlo Ancelotti
91%
Manager Carlo Ancelotti
91%
FW Isco
91%
MF Isco
91%
DF Raphael Varane
89%
DF Raphael Varane
89%
DF Raphael Varane
89%
DF Ferland Mendy
83%
DF Eder Militao
82%
DF Pepe
82%
DF David Alaba
81%
MF Raul
78%
MF Raul
78%
FW Raul
78%
DF Roberto Carlos
76%
DF Roberto Carlos
76%
DF Roberto Carlos
76%
MF Sami Khedira
73%
FW Federico Valverde
71%
MF Luis Figo
70%
DF Fernando Hierro
69%
DF Fernando Hierro
69%
DF Fabio Coentrao
66%
MF Angel Di Maria
65%
FW Fernando Morientes
57%
FW Fernando Morientes
57%
FW Fernando Morientes
57%
Manager Vicente del Bosque
51%
Manager Vicente del Bosque
51%
MF Claude Makelele
47%
DF Michel Salgado
46%
DF Michel Salgado
46%
MF Steve McManaman
41%
MF Clarence Seedorf
40%
MF Fernando Redondo
40%
MF Fernando Redondo
40%
DF Ivan Helguera
40%
DF Ivan Helguera
39%
DF Manolo Sanchis
31%
FW Predrag Mijatovic
31%
GK Cesar
30%
GK Bodo Illgner
29%
MF Santiago Solari
29%
Manager Jupp Heynckes
24%
FW Nicolas Anelka
24%
MF Christian Karembeu
22%
DF Aitor Karanka
21%
DF Ivan Campo
20%
DF Christian Panucci
19%
No matching quizzes found
Score Distribution
Percent of People with Each Score
Percentile by Number Answered
Your Score History
You have not taken this quiz